Ordre des lettres_Alphabet - Statistiques

Statistiques générales
  • Ce quiz a été pris 430 fois
    429 depuis la dernière actualisation
  • Le résultat moyen est 13 sur 26
Statistiques - réponses
Place Lettre % Correct
1 A
78%
3 C
73%
5 E
73%
2 B
72%
6 F
71%
4 D
70%
7 G
65%
8 H
60%
9 I
58%
10 J
58%
12 L
53%
11 K
52%
13 M
48%
15 O
46%
17 Q
44%
14 N
43%
16 P
40%
25 Y
40%
18 R
39%
22 V
39%
26 Z
39%
20 T
37%
24 X
37%
19 S
36%
21 U
34%
23 W
34%
Aucun quiz correspondant
Distribution des résultats
% des personnes avec chaque résultat
Percentile par nombre de réponses
Votre historique - résultats
Vous n’avez pas pris ce quiz depuis la dernière actualisation